[Event "Sachsen-Anhalt Verbandsliga 1920"]
[Site "Sachsen Anhalt"]
[Date "2020.10.18"]
[Round "9.2"]
[White "Schmerbach, Andre"]
[Black "Quinque, Michael"]
[Result "0-1"]
[WhiteElo "1696"]
[BlackElo "1678"]
[PlyCount "128"]
[EventDate "2019.09.29"]
[EventType "team-tourn"]
[EventRounds "9"]
[EventCountry "GER"]
[SourceTitle "EXT 2023"]
[Source "ChessBase"]
[SourceDate "2022.10.05"]
[SourceVersion "1"]
[SourceVersionDate "2022.10.05"]
[SourceQuality "1"]
[WhiteTeam "Merseburg"]
[BlackTeam "Graefenhainichen"]
[WhiteTeamCountry "GER"]
[BlackTeamCountry "GER"]

1. e4 e5 2. Bc4 Bc5 3. Nf3 d6 4. Nc3 h6 5. d4 exd4 6. Nxd4 c6 7. Be3 Qf6 8. 0-0 Ne7 9. f4 0-0 10. Qd2 Be6 11. e5 dxe5 12. Ne4 Qh4 13. Bxe6 Bxd4 14. Bxd4 exd4 15. Bc4 Nf5 16. g3 Qe7 17. Bd3 Rd8 18. Rae1 Ne3 19. Rf3 c5 20. Nf2 Qc7 21. c3 Nc6 22. cxd4 cxd4 23. Nd1 Nxd1 24. Rxd1 Rd6 25. Bb1 Qb6 26. Qd3 g6 27. Rf2 Re8 28. Qf3 Re3 29. Qg4 d3 30. Kg2 Qb4 31. Rdd2 Qe4+ 32. Kh3 Kg7 33. Qd1 Re1 34. Qb3 Rxb1 35. Qxb7 Rg1 36. Qc8 Rd5 37. f5 gxf5 38. Rf4 Qe6 39. Qb7 Ne7 40. Qb3 Ng6 41. Rxd3 Nxf4+ 42. gxf4 Rxd3+ 43. Qxd3 Qg6 44. Qc3+ Kh7 45. Qf3 Qg4+ 46. Qxg4 fxg4+ 47. Kh4 Kg6 48. b4 h5 49. a4 g3 50. Kh3 gxh2 51. Kxh2 Rg4 52. a5 Rxf4 53. b5 Rb4 54. a6 Rxb5 55. Kh3 Kg5 56. Kg3 Rb3+ 57. Kg2 Kf4 58. Kh2 h4 59. Kg2 Ra3 60. Kh2 Kg4 61. Kg2 Ra2+ 62. Kf1 h3 63. Kg1 Kg3 64. Kh1 Ra1# 0-1

[Event "Sachsen-Anhalt Landesliga-B 1920"]
[Site "Sachsen Anhalt"]
[Date "2019.12.08"]
[Round "4.6"]
[White "Schmerbach, Andre"]
[Black "Glaeser, Tobias"]
[Result "1/2-1/2"]
[WhiteElo "1696"]
[BlackElo "1651"]
[PlyCount "83"]
[EventDate "2019.09.29"]
[EventType "team-tourn"]
[EventRounds "9"]
[EventCountry "GER"]
[SourceTitle "EXT 2023"]
[Source "ChessBase"]
[SourceDate "2022.10.05"]
[SourceVersion "1"]
[SourceVersionDate "2022.10.05"]
[SourceQuality "1"]
[WhiteTeam "Merseburg II"]
[BlackTeam "Granschuetz Gruen Weiss"]
[WhiteTeamCountry "GER"]
[BlackTeamCountry "GER"]

1. e4 c5 2. Nf3 Nc6 3. d4 cxd4 4. Nxd4 d6 5. Nc3 Nf6 6. Be3 g6 7. Be2 Bg7 8. 0-0 0-0 9. Qd2 Ng4 10. Bxg4 Bxg4 11. Nxc6 bxc6 12. Bh6 Qa5 13. Bxg7 Kxg7 14. a3 Kg8 15. b4 Qc7 16. Qg5 Be6 17. Qg3 f5 18. Rad1 Bc4 19. Rfe1 f4 20. Qg4 e5 21. Nb1 Rf6 22. Nd2 Be6 23. Qh4 Raf8 24. Nf3 Kg7 25. Ng5 h6 26. Nxe6+ Rxe6 27. f3 g5 28. Qf2 Rg6 29. Rd3 h5 30. Red1 Rff6 31. c4 g4 32. c5 gxf3 33. Qxf3 Kh6 34. Qf2 dxc5 35. Rd7 Qb6 36. bxc5 Qb3 37. R1d3 Qb1+ 38. Qf1 Qc2 39. Rxa7 Qxc5+ 40. Qf2 Qc1+ 41. Qf1 Qc5+ 42. Qf2 1/2-1/2